Top 5 Songs On The Car (Arctic Monkeys) - Statistics

General Stats
  • This quiz has been taken 88 times
  • The average score is 4 of 5
Answer Stats
Hint Answer % Correct
40,400,371 Body Paint
99%
54,657,630 There'd Better Be A Mirrorball
85%
21,477,220 Sculptures Of Anything Goes
83%
14,204,852 Jet Skis On The Moat
76%
22,264,448 I Ain't Quite Where I Think I Am
75%
No matching quizzes found
Score Distribution
Percent of People with Each Score
Percentile by Number Answered
Your Score History
You have not taken this quiz